[Event "19. Obert Int. Sant Marti 2017"]
[Site "Barcelona ESP"]
[Date "2017.07.13"]
[Round "1.62"]
[White "Anuj, Shrivatri"]
[Black "Vantika, Agrawal"]
[Result "1-0"]
[WhiteElo "1920"]
[BlackElo "2230"]
[PlyCount "99"]
[EventDate "2017.07.13"]
[EventType "swiss"]
[EventRounds "9"]
[EventCountry "ESP"]
[SourceTitle "Ajedrez en Madrid"]
[Source "lmi"]
[SourceDate "2017.07.13"]
[SourceVersion "1"]
[SourceVersionDate "2019.06.21"]
[SourceQuality "1"]

1. d4 Nf6 2. c4 g6 3. Nc3 Bg7 4. e4 d6 5. Nf3 O-O 6. h3 e5 7. d5 a5 8. Bg5 Na6
9. Be2 Qe8 10. Nd2 Nd7 11. a3 f6 12. Bh4 Nb6 13. b3 Bd7 14. O-O Bh6 15. Rb1 Nc5
16. Qc2 f5 17. b4 axb4 18. axb4 Nca4 19. Nxa4 Nxa4 20. Rfe1 g5 21. Bg3 g4 22.
hxg4 fxg4 23. c5 Bf4 24. Nf1 Qh5 25. cxd6 Rf6 26. Qxc7 Rh6 27. f3 Qf7 28. Bxf4
exf4 29. fxg4 Rc8 30. Qxb7 Nc3 31. e5 Nxb1 32. Rxb1 Qg7 33. Rd1 Re8 34. e6 Bxe6
35. Qxg7+ Kxg7 36. dxe6 Rhxe6 37. Bf3 Rd8 38. d7 Rb6 39. Rd4 Kf6 40. Rxf4+ Ke6
41. Ne3 Rxd7 42. g5 Rd3 43. Rf6+ Ke7 44. Rxb6 Rxe3 45. Rb7+ Kd6 46. Rxh7 Rb3
47. g6 Rxb4 48. g7 Rb8 49. Rh8 Rb1+ 50. Kh2 1-0

[Event "19. Obert Int. Sant Marti 2017"]
[Site "Barcelona ESP"]
[Date "2017.07.13"]
[Round "1.63"]
[White "Mendonca, Leon Luke"]
[Black "Meenal, Gupta"]
[Result "1-0"]
[WhiteElo "2222"]
[BlackElo "1915"]
[PlyCount "115"]
[EventDate "2017.07.13"]
[EventType "swiss"]
[EventRounds "9"]
[EventCountry "ESP"]
[SourceTitle "Ajedrez en Madrid"]
[Source "lmi"]
[SourceDate "2017.07.13"]
[SourceVersion "1"]
[SourceVersionDate "2019.06.21"]
[SourceQuality "1"]

1. d4 Nf6 2. c4 e6 3. Nc3 Bb4 4. e3 O-O 5. Nge2 d5 6. a3 Be7 7. cxd5 exd5 8.
Ng3 Re8 9. Bd3 c6 10. O-O Na6 11. Qc2 Nc7 12. Bd2 b6 13. e4 dxe4 14. Ncxe4 Bb7
15. Nxf6+ Bxf6 16. Bxh7+ Kh8 17. Qf5 Qxd4 18. Bc3 Qh4 19. Bxf6 Qxh7 20. Qd7 Ba6
21. Rfe1 Rac8 22. Be5 Nd5 23. Qxf7 Re7 24. Qf3 Rce8 25. Bc3 Qd3 26. Qxd3 Bxd3
27. Rxe7 Rxe7 28. Re1 Rxe1+ 29. Bxe1 Kg8 30. f3 a5 31. Kf2 Kf7 32. Ne4 a4 33.
Nc3 Nxc3 34. Bxc3 b5 35. Ke3 Bf1 36. g4 Bh3 37. Kf4 Kg6 38. Kg3 Bf1 39. h4 Be2
40. h5+ Kh7 41. Bd4 Kh6 42. f4 Bd1 43. Kh4 Kh7 44. f5 Be2 45. f6 gxf6 46. Bxf6
Kg8 47. g5 Kf7 48. Bc3 Bd3 49. g6+ Bxg6 50. hxg6+ Kxg6 51. Kg4 c5 52. Kf4 b4
53. axb4 cxb4 54. Bxb4 Kf6 55. Ke4 Ke6 56. Kd4 Kd7 57. Kc4 Kc6 58. Ba3 1-0

[Event "19. Obert Int. Sant Marti 2017"]
[Site "Barcelona ESP"]
[Date "2017.07.13"]
[Round "1.64"]
[White "Brunet Gil, Pol"]
[Black "Ahmed, Sk. Nasir"]
[Result "0-1"]
[WhiteElo "1906"]
[BlackElo "2221"]
[PlyCount "108"]
[EventDate "2017.07.13"]
[EventType "swiss"]
[EventRounds "9"]
[EventCountry "ESP"]
[SourceTitle "Ajedrez en Madrid"]
[Source "lmi"]
[SourceDate "2017.07.13"]
[SourceVersion "1"]
[SourceVersionDate "2019.06.21"]
[SourceQuality "1"]

1. e4 c5 2. Nf3 d6 3. Bb5+ Nd7 4. c4 Ngf6 5. Nc3 g6 6. d4 cxd4 7. Nxd4 Bg7 8.
O-O O-O 9. Bxd7 Bxd7 10. b3 Rc8 11. Bb2 Qa5 12. Qd2 h5 13. Rfd1 Kh7 14. Nd5
Qxd2 15. Nxf6+ Bxf6 16. Rxd2 a6 17. Nf3 Bxb2 18. Rxb2 b5 19. Nd2 Rc7 20. Rc2
Rfc8 21. Rac1 Kg7 22. Kf1 e6 23. Ke1 d5 24. c5 b4 25. Ke2 Bb5+ 26. Ke3 Rd8 27.
e5 d4+ 28. Kf4 d3 29. Rb2 g5+ 30. Kxg5 Rd5 31. Nf3 f6+ 32. Kf4 fxe5+ 33. Nxe5
Kf6 34. Nf3 e5+ 35. Ke3 Rdxc5 36. Rxc5 Rxc5 37. Rd2 Kf5 38. h3 Rc8 39. g4+ hxg4
40. hxg4+ Kf6 41. Ne1 e4 42. f3 Rc1 43. Ng2 exf3 44. Kxf3 Kg5 45. Ne3 Rc8 46.
Nd1 Rf8+ 47. Kg3 Re8 48. Kf3 Re2 49. Rb2 Bc6+ 50. Kg3 Bd7 51. Rb1 Bxg4 52. Nf2
d2 53. Nxg4 Re1 54. Ne3 Rxb1 0-1

[Event "19. Obert Int. Sant Marti 2017"]
[Site "Barcelona ESP"]
[Date "2017.07.13"]
[Round "1.65"]
[White "Sanchez Jerez, Emilio Miguel"]
[Black "Severri Arrese, Carlos"]
[Result "1-0"]
[WhiteElo "2216"]
[BlackElo "1904"]
[PlyCount "99"]
[EventDate "2017.07.13"]
[EventType "swiss"]
[EventRounds "9"]
[EventCountry "ESP"]
[SourceTitle "Ajedrez en Madrid"]
[Source "lmi"]
[SourceDate "2017.07.13"]
[SourceVersion "1"]
[SourceVersionDate "2019.06.21"]
[SourceQuality "1"]

1. d4 g6 2. e4 Bg7 3. c4 d6 4. Nc3 c6 5. Be3 Nf6 6. f3 O-O 7. Qd2 e5 8. d5 cxd5
9. cxd5 Na6 10. Nge2 Bd7 11. g4 Qc7 12. Ng3 Rfc8 13. h4 Nc5 14. Rc1 Qa5 15. Be2
b5 16. b3 b4 17. Nd1 Bb5 18. Bxb5 Qxb5 19. Nb2 a5 20. Kf2 Nb7 21. h5 Nd7 22.
Bh6 Bf6 23. Bg5 Qb6+ 24. Be3 Bg5 25. hxg6 hxg6 26. Nc4 Bxe3+ 27. Nxe3 a4 28.
Rc6 Qd4 29. Qc1 Ndc5 30. Rd1 Qc3 31. Qxc3 bxc3 32. b4 Nb3 33. Ne2 Nd2 34. Nxc3
Nb3 35. axb3 axb3 36. Rb1 Rcb8 37. Nc4 Nd8 38. b5 Kg7 39. Rxb3 Ra1 40. Rxd6 Nb7
41. Rc6 Rh8 42. Nxe5 Rh3 43. g5 Rh2+ 44. Kg3 Rh5 45. f4 Re1 46. Nf3 Reh1 47. e5
Ra1 48. Ne4 Na5 49. Rbc3 Ra4 50. Nf6 1-0

[Event "19. Obert Int. Sant Marti 2017"]
[Site "Barcelona ESP"]
[Date "2017.07.13"]
[Round "1.66"]
[White "De Urquiza, Sebastian"]
[Black "Franco Valencia, Angela"]
[Result "0-1"]
[WhiteElo "1902"]
[BlackElo "2214"]
[PlyCount "105"]
[EventDate "2017.07.13"]
[EventType "swiss"]
[EventRounds "9"]
[EventCountry "ESP"]
[SourceTitle "Ajedrez en Madrid"]
[Source "lmi"]
[SourceDate "2017.07.13"]
[SourceVersion "1"]
[SourceVersionDate "2019.06.21"]
[SourceQuality "1"]

1. e4 e5 2. Nf3 Nc6 3. Bc4 Bc5 4. c3 Nf6 5. d4 exd4 6. O-O d3 7. Qxd3 d6 8. b4
Bb6 9. a4 a6 10. a5 Ba7 11. Be3 Bxe3 12. Qxe3 O-O 13. h3 Re8 14. Bd3 Bf5 15.
Nbd2 d5 16. e5 Bxd3 17. Qxd3 Nxe5 18. Nxe5 Rxe5 19. Rfe1 Rxe1+ 20. Rxe1 Qd6 21.
Nb3 Nd7 22. Nd4 Ne5 23. Qg3 f6 24. Rd1 Qd7 25. f4 Nc4 26. Nb3 Qa4 27. Qd3 Qxb3
28. Qxd5+ Kf8 29. Rd4 Qb1+ 30. Rd1 Qc2 31. Qc5+ Nd6 32. Rd4 Re8 33. Qxc7 Nb5
34. Qc5+ Kg8 35. Qd5+ Kh8 36. Qf7 Qg6 37. Qxg6 hxg6 38. Rd7 Nxc3 39. Rxb7 Nd5
40. g3 Re1+ 41. Kf2 Rb1 42. Rd7 Nxb4 43. Kf3 Ra1 44. Rb7 Nc2 45. g4 Rxa5 46. h4
Ra1 47. f5 gxf5 48. g5 fxg5 49. hxg5 Kh7 50. Kf4 Rf1+ 51. Ke5 f4 52. Rb6 f3 53.
Kf5 0-1

[Event "19. Obert Int. Sant Marti 2017"]
[Site "Barcelona ESP"]
[Date "2017.07.13"]
[Round "1.67"]
[White "Rodriguez Alvarez, Vidal"]
[Black "Dougas Chavarria, Nestor"]
[Result "1/2-1/2"]
[WhiteElo "2214"]
[BlackElo "1871"]
[PlyCount "108"]
[EventDate "2017.07.13"]
[EventType "swiss"]
[EventRounds "9"]
[EventCountry "ESP"]
[SourceTitle "Ajedrez en Madrid"]
[Source "lmi"]
[SourceDate "2017.07.13"]
[SourceVersion "1"]
[SourceVersionDate "2019.06.21"]
[SourceQuality "1"]

1. d4 d6 2. Nf3 g6 3. c4 Bg7 4. e4 e5 5. Bg5 f6 6. Be3 Nh6 7. h3 Nc6 8. Nc3 f5
9. dxe5 dxe5 10. Qxd8+ Nxd8 11. Nd5 Ne6 12. Ng5 Kd8 13. O-O-O Nd4 14. f4 c6 15.
Nc3 Kc7 16. fxe5 Ne6 17. Nf3 f4 18. Bf2 Nf7 19. Nd5+ cxd5 20. exd5 Neg5 21. e6
Nxf3 22. gxf3 Ng5 23. d6+ Kc6 24. d7 Nxe6 25. dxc8=Q+ Raxc8 26. h4 Rcd8 27. Bd3
Nc5 28. Bc2 a5 29. h5 g5 30. h6 Rxd1+ 31. Rxd1 Bxh6 32. Rh1 Bg7 33. Rxh7 Rxh7
34. Bxh7 Na4 35. b3 Nc3 36. a3 b5 37. Kc2 bxc4 38. bxc4 Ne2 39. Be4+ Kd6 40.
c5+ Kc7 41. Kd3 Ng3 42. a4 Bf8 43. Bd5 Nf5 44. Be1 Bxc5 45. Bxa5+ Kd6 46. Bb7
Nd4 47. Bd8 Ne6 48. Bf6 Bb6 49. Bc8 Nc5+ 50. Kc4 Nxa4 51. Kb5 Kc7 52. Kxa4 Kxc8
53. Bxg5 Be3 54. Kb5 Kd7 1/2-1/2

[Event "19. Obert Int. Sant Marti 2017"]
[Site "Barcelona ESP"]
[Date "2017.07.13"]
[Round "1.68"]
[White "Colome Rovira, Oscar"]
[Black "Dardha, Daniel"]
[Result "0-1"]
[WhiteElo "1865"]
[BlackElo "2212"]
[PlyCount "50"]
[EventDate "2017.07.13"]
[EventType "swiss"]
[EventRounds "9"]
[EventCountry "ESP"]
[SourceTitle "Ajedrez en Madrid"]
[Source "lmi"]
[SourceDate "2017.07.13"]
[SourceVersion "1"]
[SourceVersionDate "2019.06.21"]
[SourceQuality "1"]

1. e4 c5 2. Nf3 Nc6 3. Bb5 g6 4. d4 cxd4 5. Nxd4 Bg7 6. Be3 Nf6 7. Nc3 O-O 8.
O-O Ng4 9. Nxc6 dxc6 10. Bc4 Qc7 11. g3 Nxe3 12. fxe3 Qb6 13. Qf3 Qxb2 14. Ne2
e6 15. Rad1 Qxc2 16. Bb3 Qc5 17. Nf4 Qe7 18. Nd3 b6 19. e5 Bb7 20. Qf4 Qc7 21.
g4 c5 22. Rc1 Rad8 23. Rc3 Qc6 24. Kf2 c4 25. Bxc4 b5 0-1

[Event "19. Obert Int. Sant Marti 2017"]
[Site "Barcelona ESP"]
[Date "2017.07.13"]
[Round "1.69"]
[White "Sama Salinas, Hector"]
[Black "Farre Buil, Carles"]
[Result "1-0"]
[WhiteElo "2205"]
[BlackElo "1856"]
[PlyCount "67"]
[EventDate "2017.07.13"]
[EventType "swiss"]
[EventRounds "9"]
[EventCountry "ESP"]
[SourceTitle "Ajedrez en Madrid"]
[Source "lmi"]
[SourceDate "2017.07.13"]
[SourceVersion "1"]
[SourceVersionDate "2019.06.21"]
[SourceQuality "1"]

1. e4 c5 2. Nc3 Nc6 3. Bb5 Nd4 4. Nf3 Nxb5 5. Nxb5 d6 6. O-O e5 7. d3 Be7 8.
Nd2 Nf6 9. a4 O-O 10. Nc4 a6 11. Nc3 Qc7 12. a5 Be6 13. Nb6 Rad8 14. Bg5 Rde8
15. Bxf6 Bxf6 16. Ncd5 Qd8 17. c4 Bg5 18. Qa4 f5 19. b4 cxb4 20. Qxb4 fxe4 21.
dxe4 Rf7 22. Rad1 Ref8 23. c5 dxc5 24. Qxc5 Qb8 25. f3 Bd8 26. Nc4 Bc7 27. Rb1
Rc8 28. Qb4 Rd7 29. Rfd1 Bd8 30. Nce3 Qa7 31. Kh1 Qc5 32. Qb2 Qxa5 33. Qxe5
Bxd5 34. Qe8# 1-0

[Event "19. Obert Int. Sant Marti 2017"]
[Site "Barcelona ESP"]
[Date "2017.07.13"]
[Round "1.70"]
[White "Krithigga, K."]
[Black "Dalo, Hermes"]
[Result "0-1"]
[WhiteElo "1848"]
[BlackElo "2202"]
[PlyCount "126"]
[EventDate "2017.07.13"]
[EventType "swiss"]
[EventRounds "9"]
[EventCountry "ESP"]
[SourceTitle "Ajedrez en Madrid"]
[Source "lmi"]
[SourceDate "2017.07.13"]
[SourceVersion "1"]
[SourceVersionDate "2019.06.21"]
[SourceQuality "1"]

1. c4 Nf6 2. g3 g6 3. Bg2 Bg7 4. Nc3 O-O 5. Nf3 d6 6. O-O c6 7. d3 a5 8. Rb1 e5
9. Bg5 h6 10. Bd2 Re8 11. a3 d5 12. cxd5 cxd5 13. b4 axb4 14. axb4 d4 15. Na4
Bd7 16. Nc5 Bc6 17. Qc1 Kh7 18. Nh4 Bxg2 19. Nxg2 b6 20. Ne4 Nd5 21. f3 f5 22.
Nf2 Qd7 23. Qb2 Rc8 24. Rfc1 Na6 25. Ne1 Bf8 26. Rxc8 Rxc8 27. Nc2 Qa4 28. Na3
Nc3 29. Ra1 Qxb4 30. Qxb4 Nxb4 31. Kf1 Ra8 32. Nc2 Rxa1+ 33. Nxa1 Nb1 34. Ke1
Nxd2 35. Kxd2 Nd5 36. Nd1 b5 37. Nb3 Kg7 38. e4 fxe4 39. dxe4 Nc3 40. Nb2 Kf6
41. Nd3 h5 42. Nf2 Bh6+ 43. Kc2 Ne2 44. Nd3 Ng1 45. f4 exf4 46. gxf4 Nf3 47. h3
g5 48. fxg5+ Bxg5 49. Kd1 Be3 50. Nbc5 Ng5 51. h4 Nf3 52. Nb4 Nxh4 53. Ncd3 Ng6
54. Nd5+ Kg5 55. Ke2 Nf4+ 56. N5xf4 Bxf4 57. Kf3 Bd2 58. e5 Kf5 59. Ke2 Bc3 60.
Kf3 b4 61. Kg3 b3 62. e6 Kf6 63. Kh4 b2 0-1

[Event "19. Obert Int. Sant Marti 2017"]
[Site "Barcelona ESP"]
[Date "2017.07.13"]
[Round "1.71"]
[White "Salagran Ferragut, Guillem"]
[Black "Kyrkjebo, Marte B."]
[Result "1-0"]
[WhiteElo "2201"]
[BlackElo "1833"]
[PlyCount "101"]
[EventDate "2017.07.13"]
[EventType "swiss"]
[EventRounds "9"]
[EventCountry "ESP"]
[SourceTitle "Ajedrez en Madrid"]
[Source "lmi"]
[SourceDate "2017.07.13"]
[SourceVersion "1"]
[SourceVersionDate "2019.06.21"]
[SourceQuality "1"]

1. e4 e5 2. Nf3 Nc6 3. Bb5 a6 4. Ba4 Nf6 5. d3 b5 6. Bb3 Bc5 7. Nc3 d6 8. Nd5
Nxd5 9. Bxd5 Bd7 10. Be3 Bxe3 11. fxe3 O-O 12. O-O Rb8 13. d4 exd4 14. exd4 Ne7
15. Bb3 Ng6 16. Qd2 Be6 17. Rf2 Bxb3 18. axb3 Ra8 19. Raf1 h6 20. Qd3 c5 21. c3
Qe7 22. Nd2 Qe6 23. Qg3 Kh7 24. h4 cxd4 25. cxd4 d5 26. e5 Ne7 27. b4 Nc6 28.
Rf6 Qd7 29. Rd6 Qb7 30. Qe3 Rg8 31. Nb3 Nxb4 32. Qd2 a5 33. Qf4 Ra7 34. Qf5+
Kh8 35. Rf3 Qe7 36. Qh5 Kh7 37. Nc5 g6 38. Qg4 h5 39. Qg3 Rc7 40. Rff6 Qe8 41.
Qg5 Re7 42. g4 Rg7 43. Kh2 hxg4 44. h5 g3+ 45. Kg2 Kg8 46. hxg6 fxg6 47. Rxg6
Qf8 48. Qxg3 Rxg6 49. Rxg6+ Rg7 50. Ne6 Rxg6 51. Qxg6+ 1-0

[Event "19. Obert Int. Sant Marti 2017"]
[Site "Barcelona ESP"]
[Date "2017.07.13"]
[Round "1.72"]
[White "Niklesh, Kumar Jain"]
[Black "Ajay, Karthikeyan"]
[Result "0-1"]
[WhiteElo "1822"]
[BlackElo "2187"]
[PlyCount "54"]
[EventDate "2017.07.13"]
[EventType "swiss"]
[EventRounds "9"]
[EventCountry "ESP"]
[SourceTitle "Ajedrez en Madrid"]
[Source "lmi"]
[SourceDate "2017.07.13"]
[SourceVersion "1"]
[SourceVersionDate "2019.06.21"]
[SourceQuality "1"]

1. e4 d6 2. d4 Nf6 3. Nc3 g6 4. f4 Bg7 5. Nf3 O-O 6. e5 Nfd7 7. h4 c5 8. h5
cxd4 9. hxg6 hxg6 10. Qxd4 Nc6 11. Qf2 dxe5 12. Qh4 Nf6 13. fxe5 Nh5 14. g4 Nb4
15. Rh2 Qc7 16. gxh5 Bxe5 17. Nxe5 Qxe5+ 18. Re2 Nxc2+ 19. Kd2 Qf5 20. Qe4 Nxa1
21. Bg2 Qxh5 22. Nd5 Be6 23. Nxe7+ Kh7 24. Ke1 Bg4 25. Nd5 Qh4+ 26. Rf2 f5 27.
Qb4 Nc2+ 0-1

[Event "19. Obert Int. Sant Marti 2017"]
[Site "Barcelona ESP"]
[Date "2017.07.13"]
[Round "1.73"]
[White "Perales Galindo, Eduard"]
[Black "Alcaraz Lopez, Francesc"]
[Result "1/2-1/2"]
[WhiteElo "2185"]
[BlackElo "1811"]
[PlyCount "80"]
[EventDate "2017.07.13"]
[EventType "swiss"]
[EventRounds "9"]
[EventCountry "ESP"]
[SourceTitle "Ajedrez en Madrid"]
[Source "lmi"]
[SourceDate "2017.07.13"]
[SourceVersion "1"]
[SourceVersionDate "2019.06.21"]
[SourceQuality "1"]

1. e4 c5 2. Nf3 Nc6 3. d4 cxd4 4. Nxd4 g6 5. Nc3 Bg7 6. Be3 Nf6 7. Bc4 O-O 8.
Bb3 a6 9. f3 Na5 10. O-O Nxb3 11. axb3 d6 12. Qd2 Bd7 13. Rfe1 Rc8 14. Nd5 e6
15. Nxf6+ Bxf6 16. c3 Bc6 17. b4 Qc7 18. Nxc6 Qxc6 19. Bd4 Bxd4+ 20. Qxd4 Rfd8
21. Rad1 d5 22. e5 Qc4 23. Qxc4 Rxc4 24. Kf2 Kf8 25. Ke3 Ke7 26. Rd4 Rxd4 27.
Kxd4 Rc8 28. b3 b5 29. h4 f5 30. exf6+ Kxf6 31. f4 h5 32. Re5 Rc6 33. Re3 Rc7
34. Re5 Rc6 35. Rg5 Rc7 36. g3 Rc8 37. Re5 Rc6 38. Re2 Kf5 39. Re5+ Kf6 40. Rg5
Rc7 1/2-1/2

[Event "19. Obert Int. Sant Marti 2017"]
[Site "Barcelona ESP"]
[Date "2017.07.13"]
[Round "1.75"]
[White "Bhagwat, Vinod"]
[Black "Llados Clos, Jaume"]
[Result "1/2-1/2"]
[WhiteElo "2177"]
[BlackElo "1801"]
[PlyCount "63"]
[EventDate "2017.07.13"]
[EventType "swiss"]
[EventRounds "9"]
[EventCountry "ESP"]
[SourceTitle "Ajedrez en Madrid"]
[Source "lmi"]
[SourceDate "2017.07.13"]
[SourceVersion "1"]
[SourceVersionDate "2019.06.21"]
[SourceQuality "1"]

1. d4 d5 2. c4 e6 3. Nc3 Nf6 4. Nf3 c6 5. g3 Bd6 6. Bg2 O-O 7. O-O Nbd7 8. Bf4
Qc7 9. e3 Bxf4 10. gxf4 dxc4 11. Nd2 Nb6 12. a4 Nbd5 13. Nxc4 Nxc3 14. bxc3 b6
15. Ne5 Bb7 16. Qb3 Rab8 17. a5 c5 18. axb6 axb6 19. Ra7 cxd4 20. cxd4 Qc8 21.
Qb2 Bxg2 22. Rc1 Qd8 23. Kxg2 Ra8 24. Rcc7 Rxa7 25. Rxa7 Nd5 26. Qb5 f6 27. Nd7
Qe8 28. Kh1 Qh5 29. Nxf8 Qd1+ 30. Kg2 Qg4+ 31. Kf1 Qd1+ 32. Kg2 1/2-1/2

[Event "19. Obert Int. Sant Marti 2017"]
[Site "Barcelona ESP"]
[Date "2017.07.13"]
[Round "1.76"]
[White "Advait, Bagri"]
[Black "Degraeve, Remy"]
[Result "0-1"]
[WhiteElo "1772"]
[BlackElo "2164"]
[PlyCount "66"]
[EventDate "2017.07.13"]
[EventType "swiss"]
[EventRounds "9"]
[EventCountry "ESP"]
[SourceTitle "Ajedrez en Madrid"]
[Source "lmi"]
[SourceDate "2017.07.13"]
[SourceVersion "1"]
[SourceVersionDate "2019.06.21"]
[SourceQuality "1"]

1. e4 d6 2. d4 Nf6 3. Nc3 g6 4. Be3 c6 5. Qd2 b5 6. Bd3 Nbd7 7. Nge2 e5 8. O-O
exd4 9. Nxd4 Bb7 10. f3 Bg7 11. a3 O-O 12. Nce2 Ne5 13. Rad1 c5 14. Nxb5 c4 15.
f4 cxd3 16. cxd3 Neg4 17. Bd4 a6 18. Nbc3 d5 19. h3 Nh6 20. g4 dxe4 21. g5 exd3
22. gxh6 dxe2 23. Qxe2 Bxh6 24. Bc5 Qc7 25. Bxf8 Bxf8 26. Kh2 Bd6 27. Qd2 Rd8
28. Ne2 Nh5 29. Rc1 Qe7 30. Qe1 Qe4 31. Rf2 Nxf4 32. Ng3 Qxe1 33. Rxe1 Nd3 0-1

[Event "19. Obert Int. Sant Marti 2017"]
[Site "Barcelona ESP"]
[Date "2017.07.13"]
[Round "1.77"]
[White "Tejaswini, Sagar"]
[Black "Catala Ulied, Bernat"]
[Result "1-0"]
[WhiteElo "2160"]
[BlackElo "1761"]
[PlyCount "41"]
[EventDate "2017.07.13"]
[EventType "swiss"]
[EventRounds "9"]
[EventCountry "ESP"]
[SourceTitle "Ajedrez en Madrid"]
[Source "lmi"]
[SourceDate "2017.07.13"]
[SourceVersion "1"]
[SourceVersionDate "2019.06.21"]
[SourceQuality "1"]

1. e4 c5 2. Nf3 d6 3. d4 Nf6 4. Nc3 cxd4 5. Nxd4 Nc6 6. Bg5 e6 7. Qd2 Qb6 8.
Nb3 Bd7 9. Be3 Qd8 10. f3 a6 11. g4 Ne5 12. Be2 h6 13. h4 Qc7 14. O-O-O O-O-O
15. g5 Nh5 16. Rhg1 Kb8 17. f4 Nc4 18. Bxc4 Qxc4 19. Qf2 g6 20. Bb6 Rc8 21. Na5
1-0

[Event "19. Obert Int. Sant Marti 2017"]
[Site "Barcelona ESP"]
[Date "2017.07.13"]
[Round "1.78"]
[White "Jijo, Joy"]
[Black "Gil Quilez, Sonia"]
[Result "0-1"]
[WhiteElo "1647"]
[BlackElo "2158"]
[PlyCount "102"]
[EventDate "2017.07.13"]
[EventType "swiss"]
[EventRounds "9"]
[EventCountry "ESP"]
[SourceTitle "Ajedrez en Madrid"]
[Source "lmi"]
[SourceDate "2017.07.13"]
[SourceVersion "1"]
[SourceVersionDate "2019.06.21"]
[SourceQuality "1"]

1. e4 Nc6 2. d4 d5 3. e5 f6 4. f4 Bf5 5. c3 Qd7 6. Bd3 Nh6 7. Nf3 Be4 8. h3 f5
9. Be3 e6 10. Qe2 a6 11. Nbd2 Be7 12. Nb3 Bxd3 13. Qxd3 b6 14. a4 a5 15. Nc1 g6
16. b3 O-O 17. Qd2 Na7 18. Nd3 Rac8 19. b4 axb4 20. cxb4 Ra8 21. b5 Nxb5 22.
O-O Na3 23. Nb2 b5 24. axb5 Nxb5 25. Nd3 Nf7 26. Bf2 Na3 27. Bh4 Nc4 28. Qf2
Rfb8 29. Bxe7 Qxe7 30. Rxa8 Rxa8 31. Nc5 Nd8 32. Rb1 h6 33. Qg3 Kh7 34. h4 Ra3
35. h5 gxh5 36. Rb8 Ra1+ 37. Kh2 Ne3 38. Qh4 Qxh4+ 39. Nxh4 Nc6 40. Rb7 Ng4+
41. Kg3 Nxd4 42. Rxc7+ Kg8 43. Nd7 Ra3+ 44. Nf3 Ne2+ 45. Kh4 Nxf4 46. Nf6+ Nxf6
47. exf6 Nxg2+ 48. Kxh5 Rxf3 49. f7+ Kg7 50. f8=Q+ Kxf8 51. Rh7 Nf4+ 0-1

[Event "19. Obert Int. Sant Marti 2017"]
[Site "Barcelona ESP"]
[Date "2017.07.13"]
[Round "1.79"]
[White "Moksh, Amit Doshi"]
[Black "Lorenzo Martinez, Ruben"]
[Result "1-0"]
[WhiteElo "2154"]
[BlackElo "1490"]
[PlyCount "99"]
[EventDate "2017.07.13"]
[EventType "swiss"]
[EventRounds "9"]
[EventCountry "ESP"]
[SourceTitle "Ajedrez en Madrid"]
[Source "lmi"]
[SourceDate "2017.07.13"]
[SourceVersion "1"]
[SourceVersionDate "2019.06.21"]
[SourceQuality "1"]

1. e4 c5 2. Nf3 d6 3. d4 cxd4 4. Nxd4 Nf6 5. Nc3 g6 6. Be3 Bg7 7. f3 O-O 8. Qd2
Nc6 9. O-O-O Nxd4 10. Bxd4 Be6 11. g4 Qa5 12. Kb1 b5 13. Nd5 Qd8 14. Bxb5 a6
15. Bc4 Bxd5 16. exd5 Qc7 17. Bb3 a5 18. Ba4 Rab8 19. Bc6 Rfd8 20. h4 e5 21.
Bc3 Qb6 22. b3 Qc5 23. Bxa5 Rdc8 24. g5 Nh5 25. Bc3 Nf4 26. Bb2 Rb6 27. Rhe1
Rcb8 28. Re4 Ra6 29. Qe3 Qxe3 30. Rxe3 Ng2 31. Re4 f5 32. gxf6 Bxf6 33. h5 g5
34. Rg1 Nf4 35. Rxf4 exf4 36. Bxf6 h6 37. Be7 Ra7 38. Bxd6 Rd8 39. Bxf4 Rf7 40.
Be5 Rxf3 41. d6 Re3 42. Bh2 Re2 43. Bg3 Re3 44. d7 Rc3 45. Bd5+ Kh7 46. Be6 Re3
47. Bf5+ Kg7 48. Bc7 Rxd7 49. Bxd7 Re7 50. Rd1 1-0

[Event "19. Obert Int. Sant Marti 2017"]
[Site "Barcelona ESP"]
[Date "2017.07.14"]
[Round "2.1"]
[White "Neffe, Axel"]
[Black "Peralta, Fernando"]
[Result "0-1"]
[WhiteElo "2257"]
[BlackElo "2564"]
[PlyCount "84"]
[EventDate "2017.07.13"]
[EventType "swiss"]
[EventRounds "9"]
[EventCountry "ESP"]
[SourceTitle "Ajedrez en Madrid"]
[Source "lmi"]
[SourceDate "2017.07.13"]
[SourceVersion "1"]
[SourceVersionDate "2019.06.21"]
[SourceQuality "1"]

1. e4 e6 2. d4 d5 3. Nc3 Nf6 4. Bg5 Bb4 5. e5 h6 6. Bc1 Ne4 7. Qg4 g6 8. Nge2
Nxc3 9. Nxc3 c5 10. dxc5 Nc6 11. a3 Bxc5 12. f4 a6 13. Bd3 Qe7 14. Bd2 Bd7 15.
b4 Ba7 16. Ne2 Nd4 17. Nxd4 Bxd4 18. c3 Ba7 19. Qe2 Rc8 20. h4 h5 21. a4 Kf8
22. g4 Qe8 23. b5 axb5 24. axb5 Bb6 25. g5 Kg7 26. Kf1 Rc5 27. Rb1 Ba5 28. Rb3
Qc8 29. f5 gxf5 30. g6 fxg6 31. Rg1 Kf7 32. Rb1 Bd8 33. Qg2 Rg8 34. Bg5 Rxc3
35. Be2 Bxg5 36. Qxg5 Qd8 37. Qf4 Rh3 38. Rb4 Qe7 39. Rg5 Qc5 40. Kg2 Re3 41.
Rb2 Qc3 42. Ra2 Qxe5 0-1

[Event "19. Obert Int. Sant Marti 2017"]
[Site "Barcelona ESP"]
[Date "2017.07.14"]
[Round "2.2"]
[White "Grigoryan, Karen H."]
[Black "Srijit, Paul"]
[Result "1-0"]
[WhiteElo "2555"]
[BlackElo "2247"]
[PlyCount "73"]
[EventDate "2017.07.13"]
[EventType "swiss"]
[EventRounds "9"]
[EventCountry "ESP"]
[SourceTitle "Ajedrez en Madrid"]
[Source "lmi"]
[SourceDate "2017.07.13"]
[SourceVersion "1"]
[SourceVersionDate "2019.06.21"]
[SourceQuality "1"]

1. Nf3 f5 2. d3 Nf6 3. e4 d6 4. exf5 Bxf5 5. d4 Qd7 6. Bd3 Nc6 7. O-O e5 8.
Bxf5 Qxf5 9. c4 e4 10. Nh4 Qd7 11. Nc3 O-O-O 12. f3 exf3 13. Nxf3 d5 14. c5 Ne4
15. Ne2 Be7 16. b4 Bf6 17. b5 Nb8 18. c6 bxc6 19. bxc6 Qxc6 20. Bf4 Nd6 21. Rb1
Nc4 22. Nc3 a6 23. Qd3 Nd7 24. Rfc1 Ndb6 25. a4 g5 26. Bg3 g4 27. a5 gxf3 28.
axb6 f2+ 29. Bxf2 cxb6 30. Nxd5 Qxd5 31. Rxb6 Rd6 32. Rxc4+ Kd7 33. Qh3+ Ke8
34. Rxd6 Qxd6 35. Qh5+ Kf8 36. d5 Kg7 37. Bc5 1-0

[Event "19. Obert Int. Sant Marti 2017"]
[Site "Barcelona ESP"]
[Date "2017.07.14"]
[Round "2.3"]
[White "Chernyak, Viktoria"]
[Black "Henriquez Villagra, Cristobal"]
[Result "0-1"]
[WhiteElo "2251"]
[BlackElo "2532"]
[PlyCount "90"]
[EventDate "2017.07.13"]
[EventType "swiss"]
[EventRounds "9"]
[EventCountry "ESP"]
[SourceTitle "Ajedrez en Madrid"]
[Source "lmi"]
[SourceDate "2017.07.13"]
[SourceVersion "1"]
[SourceVersionDate "2019.06.21"]
[SourceQuality "1"]

1. Nf3 d5 2. c4 d4 3. g3 g6 4. Bg2 Bg7 5. O-O e5 6. d3 Ne7 7. b4 O-O 8. Nbd2 a5
9. b5 c5 10. bxc6 Nexc6 11. Rb1 Na6 12. Qb3 Ncb4 13. Re1 Nc5 14. Qa3 Bf5 15.
Nb3 Ncxd3 16. exd3 Nxd3 17. Bg5 f6 18. Bd2 Rf7 19. Bxa5 Qc8 20. Nfxd4 Bf8 21.
c5 exd4 22. Bd5 Nxe1 23. Rxe1 b6 24. Nxd4 bxa5 25. Nxf5 gxf5 26. Qb3 Raa7 27.
c6 Kg7 28. Bxf7 Rxf7 29. Qd5 a4 30. Rc1 Rc7 31. Rc4 a3 32. h3 Be7 33. g4 f4 34.
Kg2 Qd8 35. Qe4 Qd1 36. Rc3 Qd6 37. Kf3 h6 38. h4 Qd1+ 39. Kxf4 Bd6+ 40. Ke3
Re7 41. Qxe7+ Bxe7 42. c7 Qe1+ 43. Kd3 Qb1+ 44. Rc2 Qd1+ 45. Rd2 Qf3+ 0-1